Statistics for Marvel Villains

Click here to take the quiz!

General Stats

  • This quiz has been taken 597 times
  • The average score is 17 of 30

Answer Stats

HintAnswer% Correct
An Avengers trickster of a brotherLoki
92%
Head of Hydra and mortal enemy of Capt.AmericaRed Skull
92%
Killed Peter Parkers first girlfriendGreen Goblin
86%
A Survivor of the HolocaustMagneto
83%
Wears a gauntlet that carries gemsThanos
83%
Eats Planets for a livingGalactus
80%
Knew Peter Parker at the Daily BugleVenom
80%
The Largest crime boss in the USAKingpin
79%
An eight limbed evil scientistDoctor Octopus
73%
Can shapeshift and is a mutantMystique
73%
Arch enemy of the HulkAbomination
72%
Tried to grow his arm back, turned into something elseLizard
69%
Wears a fish bowl on his headMysterio
62%
Created by Antman but grew a mind of its ownUltron
62%
Mortal enemy of WolverineSabretooth
59%
Dictator of a country in EuropeDr Doom
54%
Has a very big headMODOK
53%
Ruler of an alternate dimension with a flaming headDormammu
50%
Russian hunterKraven
50%
Can copy an opponents every moveTaskmaster
50%
Offspring of another villain merged with a PsycopathCarnage
37%
Enemy of the Black Panther who uses sound as a weaponClaw
36%
An alien that has the powers of 4 superheroesSuper Skrull
35%
Exposed to Gamma radiation but is smart instead of strongThe Leader
33%
Wants to turn everybody in the world into mutantsApocalypse
27%
Brother of a mutant who obtained his powers in KoreaJuggernaut
26%
Enemy of Spiderman who's identity was not revealled for 10+ yearsHobgoblin
24%
Experiments on mutants for his masterMr Sinister
16%
Hunts mutants and has tentaclesOmega Red
11%
Enemy of Doctor Strange and looks like KalimariShuma Gorath
8%

Score Distribution

Percentile by Number Answered

Percent of People with Each Score

Your Score History

You have not taken this quiz